| 000 | 00560nam a2200205Ia 4500 | ||
|---|---|---|---|
| 003 | OSt | ||
| 005 | 20230401115009.0 | ||
| 008 | 210423s2005 xx 000 0 und d | ||
| 020 | _a415270618 | ||
| 040 | _cAL | ||
| 041 | _aeng | ||
| 082 | _a303.482 HOLA | ||
| 100 |
_aHOLLIDAY (Adrian);others. _981674 |
||
| 245 | _aIntercultural communication: advanced resource book. | ||
| 260 |
_aLondon _bRoutledge _c2005 |
||
| 300 |
_axvi,233 _bPB |
||
| 365 |
_b495 _cINR |
||
| 906 | _aadvanced ; book. ; communication ; Intercultural ; resource | ||
| 942 |
_2ddc _cBK |
||
| 999 |
_c157835 _d157835 |
||